Statistics for National Animal by Country - Multiple Choice

Click here to take the quiz!

General Stats

  • This quiz has been taken 200 times
  • The average score is 6 of 15

Answer Stats

QuestionAnswer% Correct
BeaverCanada
88%
BullSpain
83%
EmuAustralia
69%
RoosterFrance
54%
QuetzalGuatemala
54%
Indian ElephantThailand
43%
ZebraBotswana
37%
OkapiD.R. Congo
35%
CamelKuwait
24%
Snow LeopardAfghanistan
20%
TigerSouth Korea
19%
Gray WolfTurkey
18%
LionNetherlands
15%
LlamaBolivia
12%
GazelleIsrael
8%

Score Distribution

Percentile by Number Answered

Percent of People with Each Score

Your Score History

You have not taken this quiz